000 00742nam a2200217 i 4500
001 80831
003 ES-MaACL
005 20251112122611.0
007 t|
008 041029s1962 sp f |||| | spa d
100 1 _aHoracio Flaco, Quinto.
_964182
245 1 0 _aOdas /
_ctexto, Horacio ; recopilación, Marcelino Menéndez Pelayo ; ilustración, Chico Prats.
260 _a[Barcelona :
_bMaucci,
_c1962]
300 _a444 p., 7 lám. ;
_c17 cm.
490 1 _aClásicos Maucci. Grupo literatura antigua
700 1 _aChico Prats,
_d1916-2006
_9166720
700 1 _aMenéndez y Pelayo, Marcelino,
_d1856-1912
_980332
830 0 _aClásicos Maucci. Grupo literatura antigua
_9182099
852 _aES-MaACL
_jC-22104
999 _c80831
_d80831